000 00454nmm a2200157Ia 4500
008 251105s9999||||xx |||||||||||||||||und||
020 _a9789586486392
041 _aspa
100 _aGattorna, John
245 0 _aCadenas de abastecimiento dinámicas
264 _a[Bogotá, Colombia] :
_bEcoe Ediciones,
_c2009
300 _a310 páginas
650 _aEconomics and Business
856 _uhttps://public.digitaliapublishing.com/a/70460
942 _cCF
999 _c95293
_d95293